Pokémon - Trouvez les classes de Dresseur [en images] - Statistiques

Statistiques générales
  • Ce quiz a été pris 38 fois
    4 depuis la dernière actualisation
  • Le résultat moyen est 68 sur 315
Statistiques - réponses
Par images Réponse % Correct
Acteur
100%
Actrice
100%
Admin de la Team Galaxie
100%
Admin de la Team Rocket
100%
Chef Galaxie
100%
Leader Team Magma
100%
Maître
100%
Sage
100%
Scientifique
100%
Topdresseur
100%
Vieil Acteur
100%
Admin de la Team Aqua
75%
Admin de la Team Magma
75%
Admin de la Team Skull
75%
Aromathérapeute
75%
Caméraman
75%
Challenger
75%
Champion d'Arène
75%
Clown
75%
Collectionneur
75%
Cuisinier
75%
Grand Acteur
75%
Joggeur
75%
Leader Team Aqua
75%
Nageur
75%
Policier
75%
Serveur
75%
Star
75%
Arlequin
50%
Artiste
50%
Baseballeur
50%
Boss Team Rocket
50%
Boss Team Skull
50%
Capitaine d'Épreuve
50%
Catcheur
50%
Chef du clan
50%
Cheffe du clan
50%
Chef Métro
50%
Conseil 4
50%
Crache-Feu
50%
Cycliste
50%
Danseur
50%
Élève
50%
Éleveur
50%
Employé
50%
Expert
50%
Gardien
50%
Jumelles
50%
Nageuse
50%
Nettoyeur
50%
Prof
50%
Professeur Pokémon
50%
Randonneur
50%
Randonneuse
50%
Rival
50%
Ruinemaniac
50%
Sbire de la Team Aqua
50%
Sbire de la Team Magma
50%
Sbire de la Team Plasma
50%
Sbire de la Team Rocket
50%
Sbire de la Team Skull
50%
Sbire de la Team Star
50%
Sbire de la Team Yell
50%
Serveuse
50%
Vacancier
50%
Vénérable
50%
Barista
25%
Basketteur
25%
Canon
25%
Cerveau & Muscles
25%
Chauffeur
25%
Cheminot
25%
Clan Dérouillard
25%
Coach
25%
Combattante
25%
Couple de Nageurs
25%
Croupier
25%
Cuisinière
25%
Danseuse
25%
Détective
25%
Directrice
25%
Diva
25%
Doyen
25%
Dracologue
25%
Dresseur Aérien
25%
Dresseur en Herbe
25%
Dresseurs en Herbe
25%
Dresseuse en Herbe
25%
Duo de Rangers
25%
Écolier
25%
Écolière
25%
Éleveuse
25%
Employé de la Fondation Æther
25%
Employée
25%
Employée de la Fondation Æther
25%
Enseignant
25%
Enseignante
25%
Étudiant
25%
Étudiante
25%
Experte
25%
Facteur
25%
Fermier
25%
Figurant
25%
Fille en kimono
25%
Fillette
25%
Fillette de Conte
25%
Footballeur
25%
Gamin
25%
Gardienne
25%
Gardienne du Savoir
25%
Gentleman
25%
Golfeur
25%
Golfeuse
25%
Golfeuses
25%
Gouvernante
25%
Guitariste
25%
Infirmier
25%
Infirmière
25%
Jongleur
25%
Journalistes
25%
Karatéka
25%
Kimono
25%
Kinésiste
25%
Maître du Dojo
25%
Maîtresse
25%
Maîtresse de la Ligue des Couafarel
25%
Marin
25%
Mec Mystère
25%
Médecins
25%
Montagnard
25%
Montagnarde
25%
Motard
25%
Musicien
25%
Musicienne
25%
Nageuses
25%
Ouvrier
25%
Ouvrière
25%
Pêcheur
25%
Pêcheuse
25%
Peintre
25%
Petit
25%
Petite
25%
Photographe
25%
PKMN Ranger
25%
Pokémaniac
25%
Policière
25%
Pompom Girls
25%
Présidente d'Æther
25%
Proviseur
25%
Sbire de la Team Flare
25%
Sbire de la Team Galaxie
25%
Sbire de la Team Rainbow Rocket
25%
Scout
25%
Skieur
25%
Skieuse
25%
Star
25%
Star Précoce
25%
Superstar
25%
Team MZ
25%
Team Star
25%
Topdresseuse
25%
Topduo
25%
Top Model
25%
Triathlète
25%
Vacancière
25%
Vaurien
25%
Vedette
25%
Voleuse
25%
Aigle Tour
0%
Ancien
0%
Artiste Imitateur
0%
Artistes de Rue
0%
As du Salon
0%
Assistant d'Épreuve
0%
Assistante d'Épreuve
0%
Boulangère
0%
Camarades de Karaté
0%
Capt. Palace
0%
Chambellan
0%
Châtelaine Combat
0%
Chauffeur de Taxi
0%
Chauffeuse
0%
Chef d'Usine
0%
Club de la Ligue
0%
Collègues de Bureau
0%
Compagnie Ginkgo
0%
Conseil 4 de la Ligue Myrtille
0%
Contrôleur
0%
Corps de la Défense
0%
Corps des Chercheurs
0%
Couafeil 4
0%
Couple de Pokéfans
0%
Cowgirl
0%
Danseuses en Famille
0%
Digi-Z4P
0%
Directeur d'Æther
0%
Directeur de l'Institut Myrtille
0%
Disciple du Dojo de la Maîtrise
0%
Diva Arcade
0%
Docteur
0%
Docteure
0%
Dompteur
0%
Doyenne
0%
Dresseur d'Arène
0%
Dresseur de Légende
0%
Dresseur Prometteur
0%
Dresseurs d'Élite
0%
Dresseuse d'Arène
0%
Duo Baston
0%
Duo Impromp-Chu
0%
Duo Pâtisse-Bâtisse
0%
Électricien
0%
Employé de la Ligue
0%
Employée de la Ligue
0%
Entomomaniac
0%
Exorciste
0%
Expert en Pokémon
0%
Famille d'Artistes
0%
Fan de Camping
0%
Fan de Pique-Nique
0%
Fans de Capoeira
0%
Fédération Rixa In Majestatem
0%
Fille à la bouée
0%
Fille Baston
0%
Fille de la Fête
0%
Fille & Père
0%
Frère & Soeur
0%
Garçon à la bouée
0%
Garçon de café
0%
Garçon de la Fête
0%
Grand Karatéka
0%
Grand-Mère
0%
Grand-Père
0%
Groom
0%
Groupe Galaxie
0%
Héritière
0%
Infirmière Pokémon
0%
Influenceuse
0%
Intello
0%
Intrépides
0%
Jardinier
0%
Jeune Couple
0%
Jeune Élève
0%
Jeune Sportive
0%
Jeunes Tourtereaux
0%
Joggeuse
0%
Karatékas Sr et Jr
0%
Kata-Sensei de l'Ultra-Forêt
0%
Lady Scène
0%
les Fans de Café
0%
les Imperturbables
0%
les Tracassées
0%
les Voltages et Muscles
0%
Livreur
0%
Livreuse
0%
Loubard
0%
Loubards
0%
Macro Cosmo
0%
Mademoiselle
0%
Maître Base Secrète
0%
Maître de la Ligue Myrtille
0%
Maîtresse en chef
0%
Majordome
0%
Manager de la Team Flare
0%
Mauvaises Graines
0%
Mécano
0%
Médium
0%
Membre des protecteurs d'Illumis
0%
Mondaine
0%
Mystimaniac
0%
Néo Team Flare
0%
Ninja Amateur
0%
Ornithologue
0%
Patronne
0%
Pêcheuse de Perle
0%
Petite Frappe
0%
Petit Sportif
0%
Peuple Atalan
0%
Pillard
0%
Pilote
0%
Plongeur
0%
Poings de la Justice
0%
Poké Enfant
0%
Pokéfan
0%
Pompier
0%
Pro du Dojo
0%
Propriétaire
0%
Quaterback
0%
Quazar
0%
Reine Venin
0%
Reporter
0%
Richard
0%
Roi Pyramide
0%
Roller Skateur
0%
Roller Skateuse
0%
Saltimbanque
0%
Sbire du Clan Dérouillard
0%
Senior et Junior
0%
Sœur Parasol
0%
Sœurs Étranges
0%
Sportifs en Herbe
0%
Star du Dôme
0%
Supporters
0%
Surfer
0%
Team Flare
0%
Team Plasma
0%
Tenniswoman
0%
Terreur
0%
Touriste
0%
Touristes
0%
Ultra-Commando
0%
Vaurienne
0%
Vénérables
0%
Vieux Couple
0%
Visage du Monstre
0%
Aucun quiz correspondant
Distribution des résultats
% des personnes avec chaque résultat
Percentile par nombre de réponses
Votre historique - résultats
Vous n’avez pas pris ce quiz depuis la dernière actualisation